Library Banner

Result oriented enterprise and change management (Record no. 8209)

MARC details
000 -LEADER
fixed length control field 00513nam a2200181Ia 4500
001 - CONTROL NUMBER
control field 6658
008 - FIXED-LENGTH DATA ELEMENTS--GENERAL INFORMATION
fixed length control field 140320s9999 xx 000 0 und d
020 ## - INTERNATIONAL STANDARD BOOK NUMBER
International Standard Book Number 81-86104-79-8
040 ## - CATALOGING SOURCE
Transcribing agency PK-LaUMT
082 ## - DEWEY DECIMAL CLASSIFICATION NUMBER
Classification number 658.406
Item number AND-R
100 ## - MAIN ENTRY--PERSONAL NAME
Personal name Anderson, Alan H.
245 ## - TITLE STATEMENT
Title Result oriented enterprise and change management
Statement of responsibility, etc Anderson, Alan H.<>Barker, Dennis, Jt. Auth.
260 ## - PUBLICATION, DISTRIBUTION, ETC. (IMPRINT)
Place of publication, distribution, etc New Delhi,India:
Name of publisher, distributor, etc Beacon Books,
Date of publication, distribution, etc 1998.
300 ## - PHYSICAL DESCRIPTION
Extent 214 p.
546 ## - LANGUAGE NOTE
Language note EN
700 ## - ADDED ENTRY--PERSONAL NAME
Personal name Barker, Dennis, Jt. Auth.
942 ## - ADDED ENTRY ELEMENTS (KOHA)
Koha item type Books
Holdings
Withdrawn status Lost status Damaged status Not for loan Home library Current library Date acquired Total Checkouts Full call number Barcode Date last seen Price effective from Koha item type
        UMT Main Campus UMT Main Campus 2014-03-20   658.406 AND-R 7107 2014-03-20 2014-03-20 Books